Public participation in environmental clearances in India: prospects for democratic decision- making (Record no. 108127)

000 -LEADER
fixed length control field 00517pab a2200169 454500
008 - FIXED-LENGTH DATA ELEMENTS--GENERAL INFORMATION
fixed length control field 180718b2014 xxu||||| |||| 00| 0 eng d
100 ## - MAIN ENTRY--PERSONAL NAME
Personal name Thayyil, Naveen
245 ## - TITLE STATEMENT
Title Public participation in environmental clearances in India: prospects for democratic decision- making
260 ## - PUBLICATION, DISTRIBUTION, ETC.
Date of publication, distribution, etc. 2014
300 ## - PHYSICAL DESCRIPTION
Extent p.463-492.
362 ## - DATES OF PUBLICATION AND/OR SEQUENTIAL DESIGNATION
Dates of publication and/or sequential designation Oct-Dec
650 ## - SUBJECT ADDED ENTRY--TOPICAL TERM
Topical term or geographic name entry element Decesion making
650 ## - SUBJECT ADDED ENTRY--TOPICAL TERM
Topical term or geographic name entry element Workers participation
650 ## - SUBJECT ADDED ENTRY--TOPICAL TERM
Topical term or geographic name entry element Environmental legislation
773 ## - HOST ITEM ENTRY
Main entry heading Journal of the Indian Law Institute
909 ## -
-- 108132
Holdings
Withdrawn status Lost status Damaged status Not for loan Permanent Location Current Location Date acquired Serial Enumeration / chronology Barcode Date last seen Price effective from Koha item type
        Indian Institute of Public Administration Indian Institute of Public Administration 2018-07-19 Volume no: 56, Issue no: 4 AR108592 2018-07-19 2018-07-19 Articles

Powered by Koha